Strategies of non-formal education (Record no. 195003)

MARC details
000 -LEADER
fixed length control field 00435nam a2200169Ia 4500
005 - DATE AND TIME OF LATEST TRANSACTION
control field 20250409110848.0
008 - FIXED-LENGTH DATA ELEMENTS--GENERAL INFORMATION
fixed length control field 231217s9999 xx 000 0 und d
020 ## - INTERNATIONAL STANDARD BOOK NUMBER
International Standard Book Number 9788176254892
082 ## - DEWEY DECIMAL CLASSIFICATION NUMBER
Classification number 374 SHA;1 R
100 ## - MAIN ENTRY--PERSONAL NAME
Personal name Sharma, Bela Rani.
245 #0 - TITLE STATEMENT
Title Strategies of non-formal education
250 ## - EDITION STATEMENT
Edition statement 1st ed.
260 ## - PUBLICATION, DISTRIBUTION, ETC. (IMPRINT)
Date of publication, distribution, etc. 2004
Name of publisher, distributor, etc. Sarup
Place of publication, distribution, etc. New Delhi
300 ## - PHYSICAL DESCRIPTION
Extent 327
650 ## - SUBJECT ADDED ENTRY--TOPICAL TERM
Topical term or geographic name as entry element Strategies,non-formal,education
942 ## - ADDED ENTRY ELEMENTS (KOHA)
Koha item type Books
Holdings
Date last seen Total Checkouts Full call number Accession number Old discount Price effective from Category Public note Lost status Damaged status Department Withdrawn status bill date Permanent Location Current Location Shelving location Entry date Grants Currency symbol Conversion rate Discount Discount type
26/01/2024   374 SHA;1 R 85819   26/01/2024 Books Donated By Education Library     Central Library   13/08/2020 Central Library Central Library Central Library 15/05/2013 DONATED RS 1   Rupees

© For any Suggestions or Query, please contact the library staff @ librarian@pes.edu or Phone: +9180 2672 1983/ 2108.